| LDR | | 00000nam c2200205 k 4500 |
| 001 | | 000000341278 |
| 005 | | 20260414131821 |
| 007 | | ta |
| 008 | | 260407s2026 ulkad r 000a kor |
| 020 | |
▼a 9791163287643
▼g 93330 :
▼c \25000 |
| 040 | |
▼a 248032
▼c 248032
▼d 248032 |
| 049 | 0 |
▼l EM111896
▼l EM111897
▼c 2 |
| 056 | |
▼a 338.15
▼2 4 |
| 090 | |
▼a 338.15
▼b 김883ㅅ |
| 245 | 20 |
▼a 사회복지행정론 =
▼x Social Welfare Administration /
▼d 김태량,
▼e 김경희,
▼e 최용민,
▼e 조재필,
▼e 이지복 공저 |
| 250 | |
▼a 초판 |
| 260 | |
▼a 서울 :
▼b 동문사,
▼c 2026 |
| 300 | |
▼a 381 p. :
▼b 삽화, 표 ;
▼c 26 cm |
| 504 | |
▼a 참고문헌(p. 375-381) 수록 |
| 653 | |
▼a 사회복지행정
▼a 사회복지서비스
▼a 사회복지조직 |
| 700 | 1 |
▼a 김태량,
▼e 저 |
| 700 | 1 |
▼a 김경희,
▼e 공저 |
| 700 | 1 |
▼a 최용민,
▼e 공저 |
| 700 | 1 |
▼a 조재필,
▼e 공저 |
| 700 | 1 |
▼a 이지복,
▼e 공저 |
| 950 | 0 |
▼b \25000 |
| 990 | |
▼a 관리자2
▼b 관리자2 |